[Event "Olympiad-42"]
[Site "Baku"]
[Date "2016.09.04"]
[Round "3.1"]
[White "Mok, Tze Meng"]
[Black "Morovic Fernandez, Ivan"]
[Result "0-1"]
[WhiteElo "2373"]
[BlackElo "2554"]
[PlyCount "118"]
[EventDate "2016.09.02"]
[EventType "team-swiss"]
[EventRounds "11"]
[EventCountry "AZE"]
[SourceTitle "CBM 175"]
[Source "ChessBase"]
[SourceDate "2016.11.10"]
[SourceVersion "1"]
[SourceVersionDate "2016.11.10"]
[SourceQuality "1"]
[WhiteTeam "Malaysia"]
[BlackTeam "Chile"]
[WhiteTeamCountry "MAS"]
[BlackTeamCountry "CHI"]

1. e4 e5 2. Nf3 Nc6 3. Bb5 a6 4. Bxc6 dxc6 5. 0-0 Qf6 6. d3 Ne7 7. Nbd2 c5 8. Nc4 Nc6 9. Ne3 Bd6 10. Nd5 Qd8 11. Nd2 0-0 12. Nc4 Be6 13. Nce3 Re8 14. Kh1 Bf8 15. c4 Nd4 16. f4 exf4 17. Nxf4 Bd7 18. Bd2 Bd6 19. Bc3 Qg5 20. g3 Be5 21. Kg2 Rad8 22. Rc1 Bc8 23. h4 Qh6 24. Ng4 Bxg4 25. Qxg4 c6 26. Rf2 g6 27. Re1 b6 28. h5 Qg7 29. hxg6 hxg6 30. Ref1 Re7 31. b3 a5 32. Bd2 Nc2 33. Qd1 Nb4 34. Bxb4 axb4 35. Rf3 Ra7 36. R1f2 Bd4 37. Rc2 Rad7 38. Qf1 Be5 39. Nh3 Qh6 40. Nf2 Qh5 41. Qe2 Kg7 42. Rc1 Bxg3 43. Rh1 Bh4 44. Qb2+ Rd4 45. Rf4 g5 46. Rg4 Kf8 47. Qe2 Qh6 48. Qf3 Qe6 49. Rhxh4 gxh4 50. Rxh4 Ke7 51. Qf4 Qf6 52. Qg3 Rxd3 53. Nxd3 Rxd3 54. Qxd3 Qxh4 55. Qe3 Ke6 56. Qf3 Qg5+ 57. Kh3 Qh6+ 58. Kg3 Qg7+ 59. Kh3 Qc3 0-1

[Event "Olympiad-40"]
[Site "Istanbul"]
[Date "2012.09.06"]
[Round "9.1"]
[White "Mok, Tze Meng"]
[Black "Cuartas, Jaime Alexander"]
[Result "0-1"]
[WhiteElo "2354"]
[BlackElo "2521"]
[PlyCount "92"]
[EventDate "2012.08.28"]
[EventType "team-swiss"]
[EventRounds "11"]
[EventCountry "TUR"]
[SourceTitle "CBM 151"]
[Source "ChessBase"]
[SourceDate "2012.11.13"]
[SourceVersion "1"]
[SourceVersionDate "2012.11.13"]
[SourceQuality "1"]
[WhiteTeam "Malaysia"]
[BlackTeam "Colombia"]
[WhiteTeamCountry "MAS"]
[BlackTeamCountry "COL"]

1. e4 c6 2. Nf3 d5 3. Nc3 Bg4 4. h3 Bxf3 5. Qxf3 Nf6 6. g3 e6 7. Bg2 Bb4 8. Qe2 0-0 9. 0-0 Bxc3 10. bxc3 Nxe4 11. Bxe4 dxe4 12. Qxe4 Qd5 13. Re1 Nd7 14. c4 Qxe4 15. Rxe4 c5 16. Rb1 b6 17. a4 e5 18. d3 f6 19. Bd2 Kf7 20. Kg2 Rfe8 21. Ree1 e4 22. Bc3 exd3 23. cxd3 Rxe1 24. Rxe1 Rd8 25. d4 cxd4 26. Bxd4 Rc8 27. Rc1 Nc5 28. Bxc5 Rxc5 29. Kf3 Re5 30. Rb1 Ke6 31. Rb5 Kd6 32. Rxe5 fxe5 33. Ke4 Kc5 34. Kxe5 Kxc4 35. f4 b5 36. axb5 Kxb5 37. f5 a5 38. Kd4 Kc6 39. g4 Kd6 40. h4 a4 41. h5 a3 42. Kc3 Ke5 43. h6 gxh6 44. Kb3 h5 45. gxh5 Kxf5 46. Kxa3 Kg5 0-1

[Event "Olympiad-40"]
[Site "Istanbul"]
[Date "2012.08.31"]
[Round "4.1"]
[White "Mok, Tze Meng"]
[Black "Nyback, Tomi"]
[Result "1/2-1/2"]
[WhiteElo "2354"]
[BlackElo "2638"]
[PlyCount "126"]
[EventDate "2012.08.28"]
[EventType "team-swiss"]
[EventRounds "11"]
[EventCountry "TUR"]
[SourceTitle "CBM 151"]
[Source "ChessBase"]
[SourceDate "2012.11.13"]
[SourceVersion "1"]
[SourceVersionDate "2012.11.13"]
[SourceQuality "1"]
[WhiteTeam "Malaysia"]
[BlackTeam "Finland"]
[WhiteTeamCountry "MAS"]
[BlackTeamCountry "FIN"]

1. e4 e5 2. Nf3 Nc6 3. Bb5 a6 4. Bxc6 dxc6 5. 0-0 Qd6 6. d3 Bg4 7. Nbd2 f6 8. Nc4 Qd7 9. Ne3 Be6 10. d4 exd4 11. Qxd4 Qxd4 12. Nxd4 Bf7 13. b3 0-0-0 14. Bb2 Ne7 15. Rad1 Ng6 16. Ndf5 Re8 17. f3 Ne5 18. Kh1 h5 19. h4 g6 20. f4 Nd7 21. Ng3 Be7 22. Rf3 Rhg8 23. Ngf1 Nc5 24. e5 fxe5 25. fxe5 Be6 26. g3 Rd8 27. Rxd8+ Rxd8 28. Ba3 Kd7 29. Rf4 Ke8 30. Bxc5 Bxc5 31. Rf6 Bd5+ 32. Nxd5 Rxd5 33. Rxg6 Rxe5 34. Rg5 Rxg5 35. hxg5 Be7 36. Kg2 Bxg5 37. g4 hxg4 38. Kg3 Ke7 39. Kxg4 Bc1 40. Kf5 Kd6 41. Ke4 Kc5 42. c3 Kb5 43. Ng3 c5 44. Ne2 Bh6 45. a4+ Ka5 46. Kd3 b5 47. axb5 axb5 48. Ng3 Kb6 49. Nf5 Bg5 50. Ng7 Bf6 51. Nf5 c6 52. Nd6 Be5 53. Ne4 Bg7 54. Nd6 Bf8 55. Ne4 Kc7 56. Ng5 Kd6 57. Ne4+ Ke5 58. c4 b4 59. Nf2 Kf4 60. Ne4 Kf3 61. Nf6 Bd6 62. Nd7 Kf4 63. Nb6 Ke5 1/2-1/2

[Event "Olympiad-40"]
[Site "Istanbul"]
[Date "2012.08.30"]
[Round "3.1"]
[White "Mok, Tze Meng"]
[Black "Amin, Bassem"]
[Result "1-0"]
[WhiteElo "2354"]
[BlackElo "2643"]
[PlyCount "75"]
[EventDate "2012.08.28"]
[EventType "team-swiss"]
[EventRounds "11"]
[EventCountry "TUR"]
[SourceTitle "CBM 151"]
[Source "ChessBase"]
[SourceDate "2012.11.13"]
[SourceVersion "1"]
[SourceVersionDate "2012.11.13"]
[SourceQuality "1"]
[WhiteTeam "Malaysia"]
[BlackTeam "Egypt"]
[WhiteTeamCountry "MAS"]
[BlackTeamCountry "EGY"]

1. e4 e5 2. Nf3 Nc6 3. Bb5 a6 4. Bxc6 dxc6 5. 0-0 f6 6. d4 exd4 7. Nxd4 c5 8. Nb3 Qxd1 9. Rxd1 Bd7 10. Be3 b6 11. a4 a5 12. Nc3 0-0-0 13. Rd2 c4 14. Nd4 Bb4 15. Ndb5 Bxc3 16. Na7+ Kb7 17. bxc3 Ne7 18. Rad1 Nc8 19. Nb5 Bxb5 20. Rxd8 Rxd8 21. Rxd8 Bxa4 22. Rg8 g5 23. e5 fxe5 24. Rxg5 Bxc2 25. Rxe5 Nd6 26. f4 Bf5 27. Kf2 a4 28. Bc1 c5 29. Kf3 h5 30. Kg3 Be4 31. Kh4 Bxg2 32. Kxh5 Be4 33. Rxe4 Nxe4 34. f5 Kc6 35. Kg6 Kd7 36. f6 a3 37. f7 a2 38. Bb2 1-0

[Event "Yangon Campomanes Memorial"]
[Site "Yangon"]
[Date "2011.09.24"]
[Round "5"]
[White "Myo, Naing"]
[Black "Mok, Tze Meng"]
[Result "1/2-1/2"]
[WhiteElo "2317"]
[BlackElo "2363"]
[PlyCount "81"]
[EventDate "2011.09.22"]
[EventType "tourn"]
[EventRounds "13"]
[EventCountry "MYA"]
[EventCategory "5"]
[SourceTitle "EXT 2012"]
[Source "ChessBase"]
[SourceDate "2011.11.24"]
[SourceVersion "1"]
[SourceVersionDate "2011.11.24"]
[SourceQuality "1"]

1. e4 g6 2. d4 Bg7 3. Nc3 c6 4. Bc4 d6 5. Qf3 e6 6. Nge2 Qe7 7. a4 Nd7 8. Be3 e5 9. Bb3 Ngf6 10. Rd1 0-0 11. h3 exd4 12. Bxd4 Nc5 13. Bxc5 dxc5 14. 0-0 Be6 15. Bxe6 Qxe6 16. Nf4 Qe7 17. Rfe1 Nd7 18. Nb1 Rad8 19. b3 Ne5 20. Qe3 c4 21. Ne2 cxb3 22. cxb3 Qb4 23. Nc1 Qb6 24. Qxb6 axb6 25. f4 Nd7 26. Nd3 Bd4+ 27. Kf1 Nc5 28. Nxc5 Bxc5 29. Ke2 Rfe8 30. Rxd8 Rxd8 31. Rd1 Rxd1 32. Kxd1 Be3 33. g3 Bf2 34. g4 Bg3 35. f5 Kg7 36. Ke2 Kf6 37. Kf3 Bc7 38. Nd2 Kg5 39. Nc4 Kf6 40. Ke3 Kg5 41. Kf3 1/2-1/2

[Event "Asia rap (Men) 16th"]
[Site "Guangzhou"]
[Date "2010.11.16"]
[Round "8"]
[White "Al Qudaimi, Basheer"]
[Black "Mok, Tze Meng"]
[Result "1-0"]
[WhiteElo "2406"]
[BlackElo "2394"]
[PlyCount "182"]
[EventDate "2010.11.13"]
[EventType "swiss (rapid)"]
[EventRounds "9"]
[EventCountry "CHN"]
[SourceTitle "EXT 2011"]
[Source "ChessBase"]
[SourceDate "2010.11.26"]
[SourceVersion "1"]
[SourceVersionDate "2010.11.26"]
[SourceQuality "1"]

1. e4 g6 2. d4 Bg7 3. Nf3 c6 4. Nc3 d5 5. Be3 Nf6 6. Bd3 dxe4 7. Nxe4 Nxe4 8. Bxe4 Nd7 9. Qd2 Nf6 10. Bd3 Bf5 11. 0-0-0 Bxd3 12. Qxd3 0-0 13. Kb1 Qd5 14. Rhe1 b5 15. Bf4 e6 16. Re5 Qd7 17. Rc5 Rfc8 18. Be5 Qe8 19. Bxf6 Bxf6 20. Nd2 Be7 21. Re5 Rd8 22. Qe3 Rd5 23. Rxd5 cxd5 24. g4 Rc8 25. f4 Qc6 26. Qd3 Bd6 27. Rf1 Qc7 28. f5 exf5 29. gxf5 Bxh2 30. c3 Rb8 31. a3 a5 32. fxg6 hxg6 33. Qh3 Kg7 34. Nf3 Rh8 35. Qg4 Qf4 36. Qd7 Qe4+ 37. Ka2 Bf4 38. Ne5 Rf8 39. Nc6 g5 40. Ne5 Rh8 41. Nc6 Rf8 42. Nxa5 Rh8 43. Nc6 Qe6 44. Qb7 Qe2 45. Qd7 Rf8 46. Na5 Qe4 47. Nc6 Rh8 48. Qb7 Qe2 49. Ne5 Rf8 50. Rg1 Qe3 51. Rd1 Qe2 52. Rg1 Qe3 53. Rg2 Bxe5 54. dxe5 Qxe5 55. Qxb5 Kg6 56. Re2 Qf5 57. Rd2 Rd8 58. Qb6+ Qf6 59. Qc5 Qe6 60. c4 d4 61. Rxd4 Rxd4 62. Qxd4 f5 63. a4 g4 64. a5 g3 65. Qb6 Kf6 66. Qxe6+ Kxe6 67. a6 g2 68. a7 g1Q 69. a8Q Qc5 70. Qe8+ Kf6 71. Qd8+ Ke5 72. Kb3 f4 73. Qg5+ Kd6 74. Qxf4+ Kd7 75. Qf7+ Kc8 76. Qd5 Qb6+ 77. Kc3 Qe3+ 78. Kb4 Qb6+ 79. Qb5 Qf6 80. b3 Qf4 81. Qc6+ Kb8 82. Kb5 Qf5+ 83. Kb6 Qf2+ 84. c5 Qf7 85. Qd6+ Kc8 86. Qc6+ Kb8 87. b4 Qa7+ 88. Kb5 Qf7 89. Qd6+ Kc8 90. Qe5 Qb7+ 91. Kc4 Qf7+ 1-0

[Event "Olympiad-39"]
[Site "Khanty-Mansiysk"]
[Date "2010.09.24"]
[Round "4.2"]
[White "Gallagher, Joseph G"]
[Black "Mok, Tze Meng"]
[Result "1-0"]
[WhiteElo "2517"]
[BlackElo "2416"]
[PlyCount "99"]
[EventDate "2010.09.21"]
[EventType "team-swiss"]
[EventRounds "11"]
[EventCountry "RUS"]
[SourceTitle "CBM 139"]
[Source "ChessBase"]
[SourceDate "2010.11.18"]
[SourceVersion "1"]
[SourceVersionDate "2010.11.18"]
[SourceQuality "1"]
[WhiteTeam "Switzerland"]
[BlackTeam "Malaysia"]
[WhiteTeamCountry "SUI"]
[BlackTeamCountry "MAS"]

1. e4 g6 2. d4 Bg7 3. Nc3 c6 4. f4 d5 5. e5 h5 6. Be3 Nh6 7. Nf3 Bg4 8. h3 Bxf3 9. Qxf3 e6 10. Bd3 Nf5 11. Bf2 h4 12. 0-0 Nd7 13. Ne2 b5 14. b3 Nb6 15. c4 bxc4 16. bxc4 dxc4 17. Bxc4 Rc8 18. Ba6 Rc7 19. Rfc1 Qd5 20. Qd3 Qd7 21. Rc2 Bf8 22. Nc3 Be7 23. Nb5 Rb7 24. Bxb7 Qxb7 25. Qf3 Nd5 26. Nc3 0-0 27. Rb1 Qa6 28. Qe2 Qa5 29. Nxd5 cxd5 30. Qb5 Qxb5 31. Rxb5 Bd8 32. Rc8 Bb6 33. Rxf8+ Kxf8 34. a4 Bxd4 35. Rb8+ Kg7 36. Bxd4 Nxd4 37. Kf2 g5 38. Ke3 Nc6 39. Rb7 a5 40. Rc7 gxf4+ 41. Kxf4 Nb4 42. Ra7 Nd3+ 43. Kg5 Nxe5 44. Rxa5 f6+ 45. Kxh4 Kg6 46. Rb5 d4 47. a5 d3 48. a6 d2 49. Rb1 Nd3 50. Rd1 1-0

[Event "Kuala Lumpur op 7th"]
[Site "Kuala Lumpur"]
[Date "2010.09.01"]
[Round "1"]
[White "Mok, Tze Meng"]
[Black "Swapnil, S Dhopade"]
[Result "1/2-1/2"]
[WhiteElo "2416"]
[BlackElo "2425"]
[PlyCount "46"]
[EventDate "2010.09.01"]
[EventType "swiss"]
[EventRounds "9"]
[EventCountry "MAS"]
[SourceTitle "CBM 138 Extra"]
[Source "ChessBase"]
[SourceDate "2010.10.29"]
[SourceVersion "1"]
[SourceVersionDate "2010.10.29"]
[SourceQuality "1"]

1. e4 c5 2. Nf3 e6 3. g3 Nc6 4. Bg2 Nf6 5. Qe2 d6 6. 0-0 Be7 7. c3 0-0 8. d4 cxd4 9. cxd4 d5 10. e5 Nd7 11. Nc3 a6 12. h4 h6 13. Be3 b5 14. Bh3 Nb6 15. Rfc1 Bd7 16. Rc2 b4 17. Nd1 Nc4 18. b3 Na3 19. Rcc1 Nb5 20. Qd2 f5 21. Bxh6 gxh6 22. Qxh6 Nbxd4 23. Qg6+ Kh8 1/2-1/2

[Event "Olympiad-38"]
[Site "Dresden"]
[Date "2008.11.22"]
[Round "9"]
[White "Guller, Andras"]
[Black "Mok, Tze Meng"]
[Result "0-1"]
[WhiteElo "2117"]
[BlackElo "2308"]
[PlyCount "120"]
[EventDate "2008.11.13"]
[EventType "team-swiss"]
[EventRounds "11"]
[EventCountry "GER"]
[SourceTitle "CBM 128"]
[Source "ChessBase"]
[SourceDate "2009.01.28"]
[SourceVersion "1"]
[SourceVersionDate "2009.01.28"]
[SourceQuality "1"]
[WhiteTeam "Liechtenstein"]
[BlackTeam "Malaysia"]
[WhiteTeamCountry "LIE"]
[BlackTeamCountry "MAS"]

1. d4 g6 2. Nf3 Bg7 3. g3 Nf6 4. Bg2 0-0 5. 0-0 c5 6. c3 cxd4 7. cxd4 d5 8. Nc3 Nc6 9. Bf4 Bf5 10. Ne5 Rc8 11. Nxc6 bxc6 12. Qd2 Re8 13. Rfd1 Nd7 14. e4 dxe4 15. Nxe4 Nb6 16. Rac1 Nd5 17. Bh6 Bh8 18. Nc3 Qd7 19. Nxd5 cxd5 20. Bf4 Bh3 21. Bh1 Red8 22. b3 Qb5 23. Bf3 h5 24. Bg2 Bxg2 25. Kxg2 Qb6 26. Be3 Bg7 27. Re1 e6 28. h3 Re8 29. Red1 Bf8 30. Bf4 Qb4 31. Qe3 Qa3 32. Qd2 Qa6 33. Be5 Qa3 34. Qf4 Bg7 35. Bxg7 Kxg7 36. Qd2 a5 37. Rc2 Qb4 38. Qxb4 axb4 39. Rdc1 Rxc2 40. Rxc2 Ra8 41. Kf3 Kf6 42. Ke3 Ra7 43. Kf3 Ke7 44. Ke3 Kd6 45. Rc8 Rxa2 46. Rb8 h4 47. Rxb4 Rc2 48. Rb7 Rc3+ 49. Kf4 hxg3 50. fxg3 Rd3 51. Rxf7 Rxd4+ 52. Kg5 Rd3 53. Kg4 Rxb3 54. Rg7 d4 55. Rxg6 Kd5 56. Rg8 Ke4 57. h4 d3 58. Rd8 Rb5 59. h5 Rd5 60. Rxd5 exd5 0-1

[Event "Kuala Lumpur op 5th"]
[Site "Kuala Lumpur"]
[Date "2008.08.18"]
[Round "2"]
[White "Li, Shilong"]
[Black "Mok, Tze Meng"]
[Result "1-0"]
[WhiteElo "2511"]
[BlackElo "2308"]
[PlyCount "50"]
[EventDate "2008.08.18"]
[EventType "swiss"]
[EventRounds "11"]
[EventCountry "MAS"]
[SourceTitle "CBM 126 Extra"]
[Source "ChessBase"]
[SourceDate "2008.11.05"]
[SourceVersion "1"]
[SourceVersionDate "2008.11.05"]
[SourceQuality "1"]

1. d4 g6 2. c4 Bg7 3. Nf3 Nf6 4. Nc3 0-0 5. e4 c5 6. Be2 cxd4 7. Nxd4 Nc6 8. Nc2 d6 9. 0-0 a6 10. Be3 Rb8 11. f3 b6 12. Qd2 Bb7 13. Rfd1 Ba8 14. Rab1 Qc8 15. Rbc1 Rd8 16. Nd5 Nd7 17. b4 e6 18. b5 axb5 19. cxb5 exd5 20. bxc6 Qxc6 21. Nb4 Qa4 22. Nxd5 Nc5 23. Bg5 Rd7 24. Nf6+ Bxf6 25. Bxf6 d5 1-0

[Event "ASEAN Circuit GM-B"]
[Site "Tarakan"]
[Date "2008.01.11"]
[Round "4"]
[White "Barbosa, Oliver"]
[Black "Mok, Tze Meng"]
[Result "1-0"]
[WhiteElo "2410"]
[BlackElo "2346"]
[PlyCount "89"]
[EventDate "2008.01.08"]
[EventType "tourn"]
[EventRounds "11"]
[EventCountry "INA"]
[EventCategory "6"]
[SourceTitle "CBM 122 Extra"]
[Source "ChessBase"]
[SourceDate "2008.03.04"]
[SourceVersion "1"]
[SourceVersionDate "2008.03.04"]
[SourceQuality "1"]

1. e4 e5 2. Nf3 Nc6 3. Bb5 a6 4. Ba4 Nf6 5. 0-0 Be7 6. Re1 b5 7. Bb3 0-0 8. a4 Bb7 9. d3 d6 10. Nc3 b4 11. Ne2 Na5 12. Ba2 b3 13. Bxb3 Nxb3 14. cxb3 c5 15. Ng3 a5 16. Bd2 Bc8 17. Bc3 Be6 18. Nd2 Qb8 19. Nc4 Bd8 20. Ra3 Nd7 21. Qd2 Qc7 22. f4 f6 23. Rf1 Nb8 24. Qf2 Be7 25. fxe5 dxe5 26. Nf5 Nc6 27. Qg3 g6 28. Raa1 Kh8 29. Nfe3 Rad8 30. Rad1 Rd7 31. Ng4 Kg8 32. h4 Qd8 33. Kh1 Bxc4 34. bxc4 Nb4 35. Rf3 Rd6 36. h5 g5 37. Kg1 Qd7 38. Nh6+ Kh8 39. Nf5 Re6 40. Rdf1 Rc6 41. h6 Rb8 42. R3f2 Kg8 43. Qg4 Bd8 44. Ne3 Rd6 45. Qxg5+ 1-0